¿Qué piensan de la reforma los profesores de bachillerato? (Record no. 75533)

MARC details
000 -CABECERA
campo de control de longitud fija 00574nam a2200217 a 4500
005 - FECHA Y HORA DE LA ÚLTIMA TRANSACCIÓN
campo de control 20210219153401.0
008 - ELEMENTOS DE LONGITUD FIJA--INFORMACIÓN GENERAL
campo de control de longitud fija 991125n 000 0 spa u
035 ## - NÚMERO DE CONTROL DEL SISTEMA
Número de control de sistema UPN01000095495
100 ## - ASIENTO PRINCIPAL--NOMBRE PERSONAL
Nombre de persona MEZGOSA, Julián
222 ## - TÍTULO CLAVE
Título clave REVISTA DE EDUCACION
245 ## - MENCIÓN DE TÍTULO
Título ¿Qué piensan de la reforma los profesores de bachillerato?
260 ## - PUBLICACIÓN, DISTRIBUCIÓN, ETC.
Lugar de publicación, distribución, etc. Madrid, España
300 ## - DESCRIPCIÓN FÍSICA
Extensión 307-333
362 ## - FECHAS DE PUBLICACIÓN Y/O DESIGNACIÓN SECUENCIAL
Fecha de publicación y/o designación secuencial 1992 No. 299 sep.-dic.
653 0# - TERMINO DE INDIZACION - NO CONTROLADO
Término no controlado BACHILLERATO
653 0# - TERMINO DE INDIZACION - NO CONTROLADO
Término no controlado ESPAÑA
653 0# - TERMINO DE INDIZACION - NO CONTROLADO
Término no controlado MAESTROS
653 0# - TERMINO DE INDIZACION - NO CONTROLADO
Término no controlado REFORMA EDUCATIVA
904 ## - ELEMENTOS DE DATOS D LOCAL, LDD (RLIN)
a AC
b 033306
905 ## - TIPO DE MATERIAL
Tipo de material Articulo

No items available.